Type de roche 2 - Statistiques

Statistiques générales
  • Ce quiz a été pris 9 fois
  • Le résultat moyen est 4 sur 14
Statistiques - réponses
Par images Réponse % Correct
Basalte
86%
Grès
71%
Obsidienne
71%
Gneiss
57%
Granite
57%
Charbon
29%
Argilite
14%
Arkose
14%
Marne
14%
Quartzite
14%
Arnothosite
0%
Calcaire fossilière
0%
Chert
0%
Schiste à chlorite
0%
Aucun quiz correspondant
Distribution des résultats
% des personnes avec chaque résultat
Percentile par nombre de réponses
Votre historique - résultats
Vous n’avez pas pris ce quiz